Memories in pictures [köszöntő] /

Elmentve itt :
Bibliográfiai részletek
Szerző: Szabó Zoltán
Dokumentumtípus: Könyv része
Megjelent: Szegedi Tudományegyetem Állam- és Jogtudományi Kar Szeged 2012
Sorozat:Ünnepi e-könyv : Herczeg János professzor 70. születésnapjára
Kulcsszavak:Herczeg János, Orvostudomány - Magyarország - 20-21. sz. - köszöntés
Tárgyszavak:
Online Access:http://acta.bibl.u-szeged.hu/84671
LEADER 00860naa a2200205 i 4500
001 acta84671
005 20240409090558.0
008 240409s2012 hu o 0|| eng d
020 |a 978 963 306 154 1 
040 |a SZTE Egyetemi Kiadványok Repozitórium  |b hun 
041 |a eng 
100 1 |a Szabó Zoltán 
245 1 0 |a Memories in pictures   |h [elektronikus dokumentum] :  |b [köszöntő] /  |c  Szabó Zoltán 
260 |a Szegedi Tudományegyetem Állam- és Jogtudományi Kar  |b Szeged  |c 2012 
300 |a 87-95 
490 0 |a Ünnepi e-könyv : Herczeg János professzor 70. születésnapjára 
650 4 |a Orvos- és egészségtudomány 
650 4 |a Klinikai orvostan 
695 |a Herczeg János, Orvostudomány - Magyarország - 20-21. sz. - köszöntés 
856 4 0 |u http://acta.bibl.u-szeged.hu/84671/1/unnepi_ekonyv_herczeg_janos_2012_087-095.pdf  |z Dokumentum-elérés